000 004080000a22001690004500
003 MACL
005 20160107120532.0
008 160107b xxu||||| |||| 00| 0 eng d
040 _aMACL
_cMACL
041 _aEnglish
082 _a823/MAN
100 _aMannin, ethel
_929146
245 _aRagged Banners
260 _bJarrolds Pbulishers London
_aLondon
650 _aNovel
_9153
942 _cBK
_k823/Man
_2ddc
999 _c36439
_d36439